000 00303nam a22001337a 4500
008 180227b xxu||||| |||| 00| 0 eng d
020 _a9781285138169
041 _aeng
080 _a53
100 _a43
101 _aFIZ
245 _aPRINCIPLES OF PHYSICAL SCIENCE II
_cTRO.N.J
942 _2udc
_cBK
999 _c43576
_d43576